Sumario de la historia de Grecia i de Roma

محفوظ في:
التفاصيل البيبلوغرافية
المؤلف الرئيسي: Vendel Heyl, Luis Antonio (مؤلف)
التنسيق: كتاب
اللغة:اللاتينية
الإسبانية
منشور في: Santiago Imprenta Chilena 1848
الموضوعات:
الوسوم: إضافة وسم
لا توجد وسوم, كن أول من يضع وسما على هذه التسجيلة!

MARC

LEADER 00000nam a2200000 a 4500
001 UCJ5727
003 CL-VaPUC
005 20210605001730.0
008 070124e18480515CL |||||||||||||||||lat|d
999 |c 321836  |d 321834 
040 |c Pontificia Universidad Católica de Valparaíso 
041 0 7 |a lat  |2 CL-VaPUC 
041 0 7 |a spa  |2 CL-VaPUC 
082 0 4 |a 938 VEN 1848  |2 21 
100 0 |a Vendel Heyl, Luis Antonio  |e author  |9 507731 
245 1 0 |a Sumario de la historia de Grecia i de Roma 
260 |a Santiago  |b Imprenta Chilena  |c 1848 
300 |a 148 páginas 
500 |a Hecho con el objeto de enseñar la versión del castellano al latín i precedido de un índice jeneral de la sintaxis de D. Francisco Bello. Por L. A. Vendel Heyl 
583 |a last modification  |c 20070124 00:00:00  |k Rodrigo Vera 
600 0 7 |a BELLO, FRANCISCO  |2 CL-VaPUC  |9 511361 
650 0 |a Latín   |9 269544 
650 0 |a Historia antigua  |9 267521 
650 7 |a GRAMATICA LATINA  |2 CL-VaPUC  |9 421557 
651 0 |a Grecia  |9 265314 
651 0 |a Roma   |9 255106 
942 |c BK  |2 ddc 
945 |d 20070124 00:00:00  |a rinostro 
952 |0 0  |1 0  |4 0  |6 938_000000000000000_VEN_1848  |7 0  |8 X  |9 400699  |a FDOBUD  |b FDOBUD  |d 2019-11-22  |i 1038893  |o 938 VEN 1848  |p 1038893  |r 2019-11-22  |w 2019-11-22  |y BK_X  |k BUD